Steps to improve Non Domestic Rates system (Record no. 73654)

MARC details
000 -LEADER
fixed length control field 01040cam a2200241 4500
001 - CONTROL NUMBER
control field WB3941-14
008 - FIXED-LENGTH DATA ELEMENTS--GENERAL INFORMATION
fixed length control field 031027n2003 000 0 eng u
035 ## - SYSTEM CONTROL NUMBER
System control number (Sirsi) u124063
245 ## - TITLE STATEMENT
Title Steps to improve Non Domestic Rates system
260 ## - PUBLICATION, DISTRIBUTION, ETC.
Date of publication, distribution, etc. 2003
490 ## - SERIES STATEMENT
Series statement Scottish Executive Press Release
Volume/sequential designation 27 October 2003 (2)
520 ## - SUMMARY, ETC.
Summary, etc. In order to improve transparency in the Non Domestic Rates system, a Scottish Ratepayers Forum will be established to allow ratepayers and assessors to share information and ideas. Additionally, the Executive, in partnership wih Scottish Assessors, is considering ways to give more notice to ratepayers of changes in their rates bill. Scottish Executive Press Release http://www.scotland.gov.uk/pages/news/2003/10/SEfd289.aspx
590 ## - LOCAL NOTE (RLIN)
Local note WB
650 ## - SUBJECT ADDED ENTRY--TOPICAL TERM
Topical term or geographic name entry element SCOTTISH EXECUTIVE
650 ## - SUBJECT ADDED ENTRY--TOPICAL TERM
Topical term or geographic name entry element SCOTLAND
650 ## - SUBJECT ADDED ENTRY--TOPICAL TERM
Topical term or geographic name entry element NON DOMESTIC RATES
650 ## - SUBJECT ADDED ENTRY--TOPICAL TERM
Topical term or geographic name entry element RATEPAYERS
650 ## - SUBJECT ADDED ENTRY--TOPICAL TERM
Topical term or geographic name entry element TRANSPARENCY
650 ## - SUBJECT ADDED ENTRY--TOPICAL TERM
Topical term or geographic name entry element FORUM
650 ## - SUBJECT ADDED ENTRY--TOPICAL TERM
Topical term or geographic name entry element RATEABLE VALUES
690 ## - LOCAL SUBJECT ADDED ENTRY--TOPICAL TERM (OCLC, RLIN)
Topical term or geographic name as entry element RATING AND LOCAL TAXATION
942 ## - ADDED ENTRY ELEMENTS (KOHA)
Suppress in OPAC 0
Holdings
Withdrawn status Lost status Source of classification or shelving scheme Damaged status Not for loan Home library Current library Shelving location Date acquired Total Checkouts Full call number Barcode Date last seen Copy number Price effective from Koha item type
    Dewey Decimal Classification     London London News article 27/10/2003   WB3941-14 124063-1001 06/08/2019 1 06/08/2019 News article